000 00818cam a2200205 4500
001 WB3745-11
008 011128n2001 000 0 eng u
035 _a(Sirsi) u115782
245 _aExpert witnesses
260 _c2001
490 _aNew Law Journal
_v151(7009) 23 November 2001, 1718(1)
520 _aLord Woolf, backed by the Master of Rolls, Lord Phillips, has called for the Academy of Experts and the Expert Witness Institute to amalgamate in order to give expert witnesses more credibility in the legal system.
590 _aWB
650 _aEXPERT WITNESSES
650 _aLEGAL SYSTEM
650 _aCIVIL PROCEDURE RULES
650 _aPROFESSIONAL INSTITUTIONS
690 _aMANAGEMENT-DISPUTE AVOIDANCE, MANAGEMENT AND RESOLUTION-DISPUTE MANAGEMENT AND RESOLUTION-EXPERT WITNESSES
942 _n0
999 _c68964
_d68964